01015nam a2200193Ia 4500001001100000003001000011008004100021040002500062041001300087100002400100245005600124250001100180260009200191300001200283500019600295501011400491520019600605650002000801L301-55939IT-CnALBA170116s9999||||xx |||||||||||||| ||und|| aIT-CnALBAcIT-CnALBA aITALIANO aBUCCIARELLI CLAUDIO 0aIO TU GLI ALTRI. LA DIFFERENZA: OSTACOLO O VALORE?  a1a ed. a ROMAbFONDAZIONE ITALIANA VOLONTARIATO c1997 [1° Ed.:1997 - Ed.Ling.Originale: 1997] a124 p.  aGIOVENTÙ DOMANDA. DIFFERENZA ED ESPERIENZA DI OGNI GIORNO. DIFFERENZA CONE OSTACOLO. RISPOSTE DELLA SOLIDARIETÀ. LA SCOPERTA DELL'ALTRO. DALLA MULTICULTURA ALL'EDUCAZIONE INTERCULTURALE.  aSocietà San Paolo EM - Piazza San Paolo, 14 - 12051 ALBA (CN) (non commercial uses only) ® Copyright 2017 aGIOVENTÙ DOMANDA. DIFFERENZA ED ESPERIENZA DI OGNI GIORNO. DIFFERENZA CONE OSTACOLO. RISPOSTE DELLA SOLIDARIETÀ. LA SCOPERTA DELL'ALTRO. DALLA MULTICULTURA ALL'EDUCAZIONE INTERCULTURALE.  aSCIENZE SOCIALI